[Event "POL-chT Academic"]
[Site "Chorzow"]
[Date "2021.05.15"]
[Round "5.6"]
[White "Kopica, Paulina"]
[Black "Antolak, Julia"]
[Result "0-1"]
[WhiteElo "1890"]
[BlackElo "2306"]
[PlyCount "60"]
[EventDate "2021.05.15"]
[EventType "team-swiss (rapid)"]
[EventRounds "9"]
[EventCountry "POL"]
[SourceTitle "CBM 202 Extra"]
[Source "ChessBase"]
[SourceDate "2021.07.31"]
[SourceVersion "1"]
[SourceVersionDate "2021.07.31"]
[SourceQuality "1"]
[WhiteTeam "Wroclaw Politechnik"]
[BlackTeam "Gdansk Univ"]
[WhiteTeamCountry "POL"]
[BlackTeamCountry "POL"]

1. e4 c5 2. Nf3 d6 3. d4 cxd4 4. Nxd4 Nf6 5. Nc3 a6 6. Be3 e6 7. f3 h5 8. Qd2 b5 9. 0-0-0 Nbd7 10. h3 h4 11. Bd3 Bb7 12. Kb1 Rc8 13. Rhg1 d5 14. exd5 Nxd5 15. Nxd5 Bxd5 16. Rde1 Qc7 17. Bf4 Qb6 18. Nf5 g6 19. Ne3 Bb7 20. Ng4 Bg7 21. Ne5 Nxe5 22. Bxe5 Bxe5 23. Qg5 Bg7 24. Bxg6 fxg6 25. Qxg6+ Kf8 26. g3 Qd4 27. c3 Qf6 28. Qg4 Qf5+ 29. Qxf5+ exf5 30. gxh4 Kf7 0-1

[Event "POL-ch Academic (Women)"]
[Site "Chorzow"]
[Date "2021.05.14"]
[Round "2.5"]
[White "Kopica, Paulina"]
[Black "Dwilewicz, Katarzyna"]
[Result "0-1"]
[WhiteElo "1890"]
[BlackElo "2092"]
[PlyCount "101"]
[EventDate "2021.05.14"]
[EventType "swiss (rapid)"]
[EventRounds "9"]
[EventCountry "POL"]
[SourceTitle "CBM 202 Extra"]
[Source "ChessBase"]
[SourceDate "2021.07.31"]
[SourceVersion "1"]
[SourceVersionDate "2021.07.31"]
[SourceQuality "1"]

1. e4 c5 2. Nf3 e6 3. c3 d5 4. e5 d4 5. Bd3 Nc6 6. 0-0 Nge7 7. Qe2 Ng6 8. Bxg6 hxg6 9. Na3 Be7 10. Qe4 a6 11. Nc2 dxc3 12. dxc3 Qc7 13. Bf4 b6 14. Rad1 Bb7 15. Qe3 Na5 16. b3 Qc6 17. Bg5 Bxg5 18. Qxg5 Rh5 19. Qe3 Qe4 20. Rd2 Qxe3 21. Nxe3 Bxf3 22. gxf3 Rxe5 23. Rd6 Rb8 24. Rfd1 f5 25. b4 cxb4 26. cxb4 Nb7 27. Rxb6 Rb5 28. Rxa6 Rxb4 29. Rxe6+ Kf7 30. Ra6 Re8 31. Rd7+ Kf8 32. Rxg6 f4 33. Nf5 Rb1+ 34. Kg2 Ree1 35. Rgxg7 Rg1+ 36. Kh3 Rxg7 37. Rxg7 Nc5 38. Rc7 Nd3 39. Kg2 Rb2 40. a4 Rxf2+ 41. Kh3 Rxf3+ 42. Kg4 Rf1 43. a5 f3 44. a6 f2 45. a7 Rg1+ 46. Kh5 Nf4+ 47. Kh4 Ng6+ 48. Kh5 Nf4+ 49. Kh6 Ra1 50. Ne3 Ra6+ 51. Kh7 0-1

[Event "POL-chT 2nd League"]
[Site "Jastrzebia Gora"]
[Date "2019.09.07"]
[Round "1.12"]
[White "Kopica, Paulina"]
[Black "Adamczyk, Zuzanna"]
[Result "0-1"]
[WhiteElo "1925"]
[BlackElo "1938"]
[PlyCount "74"]
[EventDate "2019.09.07"]
[EventType "team-swiss"]
[EventRounds "9"]
[EventCountry "POL"]
[SourceTitle "EXT 2020"]
[Source "ChessBase"]
[SourceDate "2019.10.17"]
[SourceVersion "1"]
[SourceVersionDate "2019.10.17"]
[SourceQuality "1"]
[WhiteTeam "Zarzewie Prudnik"]
[BlackTeam "Jastrzebie Zdroj Pionier"]
[WhiteTeamCountry "POL"]
[BlackTeamCountry "POL"]

1. e4 c5 2. Nf3 e6 3. c3 Nf6 4. Bd3 Nc6 5. Bc2 Qc7 6. Qe2 d5 7. e5 Nd7 8. d4 Qb6 9. Qd1 Be7 10. 0-0 cxd4 11. cxd4 f6 12. Re1 fxe5 13. dxe5 0-0 14. Qd3 g6 15. Qd2 Rf7 16. Nc3 Nf8 17. a3 Bd7 18. b4 Rc8 19. Rb1 Qd8 20. Bb3 Rg7 21. Bb2 g5 22. Nd4 Ng6 23. Nxc6 Bxc6 24. Ne2 Qe8 25. Nd4 Qf7 26. Rbc1 g4 27. b5 Bd7 28. Rxc8+ Bxc8 29. Qc2 Qf8 30. a4 b6 31. Rc1 Bc5 32. Nc6 Nh4 33. Rd1 g3 34. hxg3 Rxg3 35. Bd4 Rxg2+ 36. Kf1 Qf3 37. Bxc5 Rg1+ 0-1

[Event "Wroclaw op"]
[Site "Wroclaw"]
[Date "2018.08.03"]
[Round "8"]
[White "Simon, Marek"]
[Black "Kopica, Paulina"]
[Result "0-1"]
[WhiteElo "1902"]
[BlackElo "1959"]
[PlyCount "106"]
[EventDate "2018.07.30"]
[EventType "swiss"]
[EventRounds "9"]
[EventCountry "POL"]
[SourceTitle "CBM 185 Extra"]
[Source "ChessBase"]
[SourceDate "2018.07.29"]
[SourceVersion "1"]
[SourceVersionDate "2018.07.29"]
[SourceQuality "1"]

1. d4 e6 2. c4 f5 3. Nc3 Nf6 4. g3 d5 5. Bg2 c6 6. Nf3 Bd6 7. 0-0 0-0 8. Qb3 Nbd7 9. a4 a5 10. Ng5 Qe7 11. c5 Bb8 12. f4 Ne4 13. Ngxe4 fxe4 14. Qa3 b6 15. cxb6 Bd6 16. Qa2 Bb4 17. Bd2 Nxb6 18. Rfd1 Ba6 19. Bf1 Rab8 20. e3 Bc4 21. Bxc4 Nxc4 22. Bc1 Nd6 23. Bd2 Nf5 24. Kf2 Qf7 25. Rf1 Qh5 26. Kg2 Rf6 27. Rf2 Qg4 28. Nb1 Bxd2 29. Nxd2 Nxe3+ 30. Kh1 Nc2 31. Nxe4 dxe4 32. Rxc2 Qf3+ 33. Rg2 Qd3 34. Rc1 Qxd4 35. Rxc6 Qd1+ 36. Rg1 Qd5 37. Qxd5 exd5 38. Rxf6 gxf6 39. Rd1 Rd8 40. Rd4 f5 41. Kg1 Kf7 42. Kf2 Ke6 43. b4 axb4 44. Rxb4 d4 45. a5 e3+ 46. Ke1 d3 47. Rb1 Kd5 48. a6 Ke4 49. a7 Kf3 50. Rb3 d2+ 51. Kd1 Kf2 52. Rd3 e2+ 53. Kc2 d1Q+ 0-1

[Event "EU-ch blitz"]
[Site "Katowice"]
[Date "2017.12.15"]
[Round "2"]
[White "Kopica, Paulina"]
[Black "Kazakouski, Valery"]
[Result "0-1"]
[WhiteElo "1959"]
[BlackElo "2422"]
[PlyCount "38"]
[EventDate "2017.12.15"]
[EventType "swiss (blitz)"]
[EventRounds "22"]
[EventCountry "POL"]
[SourceTitle "CBM 182 Extra"]
[Source "ChessBase"]
[SourceDate "2018.02.23"]
[SourceVersion "1"]
[SourceVersionDate "2018.02.23"]
[SourceQuality "1"]

1. e4 e5 2. Nf3 Nc6 3. d4 exd4 4. Bc4 Nf6 5. e5 d5 6. Bb5 Ne4 7. Nxd4 Bc5 8. 0-0 0-0 9. Nxc6 bxc6 10. Bxc6 Ba6 11. Be3 Bxe3 12. fxe3 Bxf1 13. Bxa8 Qg5 14. Qf3 Bxg2 15. Qxg2 Qxe3+ 16. Kh1 Nf2+ 17. Kg1 Nh3+ 18. Kf1 Qc1+ 19. Ke2 Nf4+ 0-1

[Event "POL-chT U20"]
[Site "Suchedniow"]
[Date "2016.07.26"]
[Round "4.23"]
[White "Buchta, Agnieszka"]
[Black "Kopica, Paulina"]
[Result "0-1"]
[WhiteElo "1653"]
[BlackElo "1899"]
[PlyCount "90"]
[EventDate "2016.07.23"]
[EventType "team-tourn"]
[EventRounds "9"]
[EventCountry "POL"]
[SourceTitle "EXT 2019"]
[Source "ChessBase"]
[SourceDate "2018.10.10"]
[SourceVersion "1"]
[SourceVersionDate "2018.10.10"]
[SourceQuality "1"]

1. e4 e6 2. d4 d5 3. e5 c5 4. c3 Qb6 5. Nf3 Nc6 6. a3 cxd4 7. cxd4 Nh6 8. b4 Nf5 9. Be3 f6 10. exf6 gxf6 11. Nc3 Nxe3 12. fxe3 Bh6 13. Qd2 Qd8 14. Rc1 Bd7 15. Bd3 0-0 16. 0-0 Be8 17. Qf2 Qd7 18. Na4 Nxb4 19. Nc5 Nxd3 20. Nxd7 Nxf2 21. Nxf8 Bxe3 22. Rce1 Ng4+ 23. Kh1 Kxf8 24. h3 Bb5 25. hxg4 Bxf1 26. Rxe3 Ke7 27. Nd2 Bb5 28. Rh3 Rh8 29. Nb3 b6 30. Rc3 Kd6 31. Nc1 Rg8 32. Rg3 h5 33. Rf3 Rxg4 34. Nb3 Ba4 35. Kh2 Bxb3 36. Rxb3 Rxd4 37. Rf3 Ke5 38. Rh3 h4 39. Rc3 Re4 40. Rc7 Ra4 41. Rc3 d4 42. Rd3 Kd5 43. Rf3 f5 44. Rh3 e5 45. Rxh4 Rxa3 0-1

[Event "POL-ch U18 Girls"]
[Site "Szklarska Poreba"]
[Date "2016.03.17"]
[Round "6"]
[White "Dmochowska, Agnieszka"]
[Black "Kopica, Paulina"]
[Result "0-1"]
[WhiteElo "1953"]
[BlackElo "1786"]
[PlyCount "60"]
[EventDate "2016.03.13"]
[EventType "swiss"]
[EventRounds "9"]
[EventCountry "POL"]
[SourceTitle "EXT 2018"]
[Source "ChessBase"]
[SourceDate "2017.10.13"]
[SourceVersion "1"]
[SourceVersionDate "2017.10.13"]
[SourceQuality "1"]

1. d4 d5 2. c4 e6 3. Nc3 c5 4. Nf3 Nc6 5. cxd5 exd5 6. g3 Nf6 7. Bg2 Be7 8. 0-0 0-0 9. Be3 cxd4 10. Nxd4 Be6 11. Nxc6 bxc6 12. Na4 Qa5 13. Rc1 Rac8 14. Bc5 Rfe8 15. Bxe7 Rxe7 16. Rc5 Qa6 17. b4 Bg4 18. f3 Bh5 19. Re1 Rce8 20. Ra5 Qc4 21. a3 Bg6 22. Rc5 Qa2 23. Rxc6 Qxa3 24. e4 dxe4 25. fxe4 Bxe4 26. Bxe4 Rxe4 27. Rxe4 Nxe4 28. Kf1 h6 29. Nc5 Qxb4 30. Nxe4 Qb5+ 0-1

[Event "POL-ch U18 Girls"]
[Site "Szklarska Poreba"]
[Date "2016.03.16"]
[Round "5"]
[White "Kopica, Paulina"]
[Black "Sliwicka, Alicja"]
[Result "1/2-1/2"]
[WhiteElo "1786"]
[BlackElo "2093"]
[PlyCount "99"]
[EventDate "2016.03.13"]
[EventType "swiss"]
[EventRounds "9"]
[EventCountry "POL"]
[SourceTitle "EXT 2018"]
[Source "ChessBase"]
[SourceDate "2017.10.13"]
[SourceVersion "1"]
[SourceVersionDate "2017.10.13"]
[SourceQuality "1"]

1. e4 c5 2. Nf3 d6 3. d4 cxd4 4. Nxd4 Nf6 5. Nc3 Bd7 6. Bg5 e6 7. Qd3 a6 8. f4 h6 9. Bh4 Be7 10. Be2 Nc6 11. 0-0-0 Qc7 12. Bf3 0-0-0 13. Rhe1 g5 14. fxg5 Ne5 15. Qe2 Nh7 16. Nf5 Bc6 17. Nxe7+ Qxe7 18. Qe3 hxg5 19. Bg3 Kb8 20. Rd4 Nf8 21. Red1 Nfg6 22. Be2 f6 23. Qd2 Kc7 24. Na4 d5 25. Qa5+ Kb8 26. Nc5 Nf4 27. Bxf4 gxf4 28. Qb6 Kc8 29. exd5 Rxd5 30. Rxd5 exd5 31. Qa7 Rh7 32. h3 Rg7 33. Qa8+ Kc7 34. Qa7 Nd7 35. Nxd7 Qxe2 36. Nxf6 Rxg2 37. Qc5 Qe3+ 38. Qxe3 fxe3 39. Nxd5+ Bxd5 40. Rxd5 Kc6 41. Rd3 Rg1+ 42. Rd1 Rg3 43. h4 Rh3 44. c3 Kc5 45. b3 Rxh4 46. Re1 Rh3 47. Kc2 Rh2+ 48. Kd3 Rd2+ 49. Kxe3 Rxa2 50. Kd3 1/2-1/2

[Event "POL-chT U19 46th"]
[Site "Ustron"]
[Date "2015.07.31"]
[Round "7.17"]
[White "Kopica, Paulina"]
[Black "Pastuszko, Kinga"]
[Result "1/2-1/2"]
[WhiteElo "1788"]
[BlackElo "1877"]
[PlyCount "131"]
[EventDate "2015.07.25"]
[EventType "team-tourn"]
[EventRounds "9"]
[EventCountry "POL"]
[SourceTitle "EXT 2018"]
[Source "ChessBase"]
[SourceDate "2017.10.13"]
[SourceVersion "1"]
[SourceVersionDate "2017.10.13"]
[SourceQuality "1"]
[WhiteTeam "Opole Rodlo U19"]
[BlackTeam "Warszawa Gulermak Polonia U19"]
[WhiteTeamCountry "POL"]
[BlackTeamCountry "POL"]

1. e4 c5 2. Nf3 d6 3. d4 cxd4 4. Nxd4 Nf6 5. Nc3 a6 6. Be2 e5 7. Nb3 Be7 8. Be3 Be6 9. 0-0 0-0 10. Qd2 Nbd7 11. a4 Rc8 12. a5 Qc7 13. Rfc1 Qc6 14. Bf3 Rfd8 15. Nd5 Bxd5 16. exd5 Qc4 17. Qd3 Qxd3 18. cxd3 Ne8 19. Rc4 Rxc4 20. dxc4 Rc8 21. Rc1 f5 22. Be2 Nc5 23. Nxc5 dxc5 24. f3 Nd6 25. b4 Ne8 26. Kf1 cxb4 27. c5 f4 28. Bf2 Nf6 29. d6 Bxd6 30. Bc4+ Kf8 31. cxd6 b3 32. Rb1 Rxc4 33. Rxb3 Rc1+ 34. Be1 Nd7 35. Rxb7 Nc5 36. Rc7 Nd3 37. Rxc1 Nxc1 38. Bc3 Nb3 39. Ke2 Kf7 40. Kd3 Ke6 41. Kc4 Nd4 42. Kc5 Nb5 43. d7 Kxd7 44. Bxe5 g5 45. Kb6 h5 46. h4 gxh4 47. Bxf4 h3 48. gxh3 Nd4 49. Kxa6 Kc6 50. Ka7 Kb5 51. a6 Nc6+ 52. Kb7 Na5+ 53. Kc7 Kxa6 54. Kd6 Kb5 55. Ke6 Nc6 56. Be3 Kc4 57. f4 Kd3 58. Bb6 Ke4 59. f5 Ne5 60. Bd8 Nf3 61. f6 Ng5+ 62. Kd7 h4 63. Ke8 Kf3 64. f7 Nxf7 65. Kxf7 Kg2 66. Bxh4 1/2-1/2

[Event "POL-ch U18 Girls"]
[Site "Karpacz"]
[Date "2015.??.??"]
[Round "6"]
[White "Kopica, Paulina"]
[Black "Lascar, Radoslawa"]
[Result "1-0"]
[WhiteElo "1820"]
[BlackElo "1681"]
[PlyCount "120"]
[EventDate "2015.03.??"]
[EventType "swiss"]
[EventRounds "9"]
[EventCountry "POL"]
[SourceTitle "EXT 2017"]
[Source "ChessBase"]
[SourceDate "2016.10.25"]
[SourceVersion "1"]
[SourceVersionDate "2016.10.25"]
[SourceQuality "1"]

1. e4 c5 2. Nf3 Nc6 3. d4 cxd4 4. Nxd4 e5 5. Nb5 a6 6. Nd6+ Bxd6 7. Qxd6 Qf6 8. Qd1 Qg6 9. Nc3 d5 10. Nxd5 Qxe4+ 11. Be3 Nd4 12. Nc7+ Ke7 13. Rc1 Bg4 14. Qd3 Qxd3 15. Bxd3 Rd8 16. h3 Bc8 17. c4 Nf6 18. Bg5 Nf3+ 19. gxf3 Rxd3 20. Ke2 Bf5 21. Nd5+ Ke6 22. Bxf6 gxf6 23. b3 Rg8 24. h4 Rd4 25. Rcd1 Rxd1 26. Rxd1 Rg6 27. Ne3 Bh3 28. c5 Ke7 29. Rd6 f5 30. Nc4 e4 31. Rxg6 hxg6 32. Na5 Kd7 33. Ke3 exf3 34. Kxf3 Bf1 35. Kf4 f6 36. Ke3 Kc7 37. Kd4 Bg2 38. Nc4 Bf3 39. Nd6 Kd7 40. Ke3 Bd5 41. Kd4 Bf3 42. a4 Bc6 43. Nc4 Kc7 44. Nb6 Be8 45. b4 Kc6 46. Nc4 Kc7 47. Nb6 Kc6 48. Nd5 Bf7 49. Nxf6 Bb3 50. a5 Bf7 51. Nh7 Kb5 52. Ng5 Be8 53. Kc3 Kc6 54. Ne6 Bd7 55. Nd8+ Kc7 56. Nf7 Bb5 57. Kd4 Be8 58. Nd6 Bd7 59. Ke5 Ba4 60. f4 Bc6 1-0

[Event "POL-chT U19 2nd League"]
[Site "Szczyrk"]
[Date "2014.07.27"]
[Round "4.23"]
[White "Kopica, Paulina"]
[Black "Skoczek, Karolina"]
[Result "1-0"]
[WhiteElo "1697"]
[BlackElo "1516"]
[PlyCount "109"]
[EventDate "2014.07.25"]
[EventType "team-swiss"]
[EventRounds "11"]
[EventCountry "POL"]
[SourceTitle "EXT 2015"]
[Source "ChessBase"]
[SourceDate "2014.11.20"]
[SourceVersion "1"]
[SourceVersionDate "2014.11.20"]
[SourceQuality "1"]
[WhiteTeam "Opole Rodlo U19 II"]
[BlackTeam "Bydgoszcz Hetman U19"]
[WhiteTeamCountry "POL"]
[BlackTeamCountry "POL"]

1. e4 d5 2. exd5 Qxd5 3. c4 Qa5 4. Nc3 Nf6 5. d4 c6 6. Nf3 Qc7 7. Be2 Bf5 8. 0-0 e6 9. Be3 Be7 10. Rc1 0-0 11. Ne5 c5 12. Qb3 Nc6 13. Nxc6 bxc6 14. dxc5 Rfb8 15. Qa3 Rb7 16. b4 Rc8 17. Na4 Ng4 18. g3 Nxe3 19. fxe3 Qe5 20. Bf3 Rd7 21. Qc3 Qc7 22. Rfd1 Rxd1+ 23. Rxd1 Bf6 24. Qb3 Rb8 25. b5 Bd8 26. Bxc6 Qa5 27. Nc3 h6 28. Bf3 Rc8 29. c6 Bb6 30. Ne2 Bc5 31. Kf2 Qb6 32. a4 Qa5 33. Nd4 Qb6 34. Nxf5 exf5 35. Qc3 Re8 36. Rd3 a5 37. Bd5 Kf8 38. Kf3 Kg8 39. e4 fxe4+ 40. Bxe4 Bg1 41. Rd2 Kh8 42. Re2 f5 43. Bd5 Rxe2 44. Kxe2 Qf2+ 45. Kd3 Qe3+ 46. Kc2 Qb6 47. Qf3 Qd8 48. Qxf5 Be3 49. Qe5 Bb6 50. Qe6 Qb8 51. Qg8+ Qxg8 52. Bxg8 Kxg8 53. c5 Bd8 54. b6 Kf7 55. c7 1-0

[Event "POL-chT U19 2nd League"]
[Site "Szczyrk"]
[Date "2014.07.26"]
[Round "2.23"]
[White "Kopica, Paulina"]
[Black "Gudelajtis, Anna"]
[Result "1/2-1/2"]
[WhiteElo "1697"]
[BlackElo "1507"]
[PlyCount "138"]
[EventDate "2014.07.25"]
[EventType "team-swiss"]
[EventRounds "11"]
[EventCountry "POL"]
[SourceTitle "EXT 2015"]
[Source "ChessBase"]
[SourceDate "2014.11.20"]
[SourceVersion "1"]
[SourceVersionDate "2014.11.20"]
[SourceQuality "1"]
[WhiteTeam "Opole Rodlo U19 II"]
[BlackTeam "Kalisz KTS U19"]
[WhiteTeamCountry "POL"]
[BlackTeamCountry "POL"]

1. e4 d5 2. exd5 Qxd5 3. c4 Qa5 4. Nc3 Nf6 5. Nf3 c6 6. Be2 Bf5 7. 0-0 e6 8. d4 Qc7 9. Be3 Bd6 10. h3 0-0 11. Rc1 Nbd7 12. Qd2 Ne4 13. Nxe4 Bxe4 14. Rfd1 Nf6 15. Bg5 Be7 16. Ne5 c5 17. Qf4 Bc6 18. dxc5 h6 19. Ng6 Bd8 20. Qxc7 Bxc7 21. Ne7+ Kh8 22. Bxf6 gxf6 23. Nxc6 bxc6 24. Bf3 Be5 25. b4 Rfc8 26. b5 Rab8 27. Bxc6 Bb2 28. Rc2 Ba3 29. Rd7 Bxc5 30. Rxf7 Rf8 31. Rd7 Rfd8 32. Rcd2 Rxd7 33. Rxd7 Rg8 34. Kf1 Rg7 35. Rd3 Re7 36. a4 Bb6 37. Ke2 Kg7 38. Kd2 Bxf2 39. a5 Bc5 40. Rb3 Rc7 41. Bf3 Rd7+ 42. Kc2 Rd6 43. Rb1 f5 44. Kc3 Kf6 45. Bc6 e5 46. Bd5 Kg5 47. Rf1 h5 48. Rf3 h4 49. Rf1 Kg6 50. Kd3 Kg5 51. Ke2 e4 52. Rb1 Kf4 53. Rb3 Rg6 54. Kf1 Rg3 55. Rb1 Rg6 56. Ra1 Rg3 57. b6 axb6 58. a6 b5 59. cxb5 Ba7 60. b6 Bxb6 61. a7 Bxa7 62. Rxa7 Rd3 63. Bc4 Rc3 64. Be2 Rc1+ 65. Bd1 Rxd1+ 66. Ke2 Rb1 67. Ra2 Rb3 68. Kf2 Rg3 69. Ra4 Rb3 1/2-1/2